La mujer del vientre de oro /

Guardado en:
Autor Principal: Sáenz, Dalmiro
Formato: Libro
Publicado: Buenos Aires : Emecé
Materias:
Etiquetas: Agregar Etiqueta
Sin Etiquetas, Sea el primero en etiquetar este registro!
LEADER 00575nam a22002055a 4500
001 CEM.cems011509
005 20070919165628.0
008 130507b######################000#0#####d
003 CEMS
020 |a 950041595X 
082 0 4 |a A863.4 
100 1 |a Sáenz, Dalmiro 
245 1 0 |a La mujer del vientre de oro /  |c Dalmiro Sáenz 
260 |a Buenos Aires :  |b Emecé 
300 |a 235 p. 
653 |a Literatura 
653 |a Literatura argentina-siglo 20 
653 |a Novelas 
653 |a Novelas argentinas-siglo 20 
859 |a CEMS  |b BIB. CEMS - 11 de abril  |h A863.4  |i Sa16  |p 22468.04  |t Ej.1